| 000 | 00960nas a2200325 4500 | ||
|---|---|---|---|
| 001 | BR2017001486 | ||
| 003 | BR-BrBNA | ||
| 005 | 20231205130946.0 | ||
| 007 | ta | ||
| 008 | 230509b bl.|||p| |||| 00| 00por d | ||
| 040 |
_aBR-BrBNA _bpor _cBiblioteca Nacional de Agricultura |
||
| 041 | _a(Pt) | ||
| 072 | _aH20 | ||
| 100 | 1 | _aMatos, J.P. de | |
| 100 | 1 | _aSilva, M. dos S. | |
| 100 | 1 | _aSantos, F.C.P. dos | |
| 100 | 1 | _aSantos, A. | |
| 100 | 1 | _aCoqueiro, D.S.O. | |
| 245 | 1 | _aÓleos essenciais com alternativa para o controle do Colletotrichum coffeanum no cafeeiro | |
| 650 | _aCAFÉ | ||
| 650 | _aDOENÇA DE PLANTA | ||
| 650 | _aANTRACNOSE | ||
| 650 | _aÓLEO ESSENCIAL | ||
| 650 | _aMENTA | ||
| 650 | _aCITRONELA | ||
| 773 | 0 |
_tAgrotrópica (Brazil) _xISSN 0103-3816 _g(Sep-Dec 2016), v. 28(3) p. 267-276 _wBR2017001486 |
|
| 856 | 4 | 0 | _dLink DSPACE/MAPA BR2017001486 |
| 909 |
_a202311 _bLúcia _c55 _dLúcia Elande |
||
| 942 |
_2AGRIS _n0 _cANA |
||
| 999 |
_c252283 _d252283 |
||